[Event "Moscow Open 2016 A"]
[Site "?"]
[Date "2016.01.31"]
[Round "2.4"]
[White "Agmanov, Zhandos"]
[Black "Grachev, Boris"]
[Result "*"]
[BlackElo "2652"]
[WhiteElo "2389"]
[LiveChessVersion "1.4.7"]

1. e4 {[%clk 1:30:43]} c5 {[%clk 1:28:35]} 2. Nf3 {[%clk 1:30:37]} Nc6
{[%clk 1:29:00]} 3. Bb5 {[%clk 1:29:18]} g6 {[%clk 1:29:03]} 4. Bxc6
{[%clk 1:28:05]} bxc6 {[%clk 1:29:28]} 5. O-O {[%clk 1:26:07]} Bg7
{[%clk 1:29:53]} 6. d3 {[%clk 1:24:19]} Nh6 {[%clk 1:17:10]} 7. Nc3
{[%clk 1:20:25]} O-O {[%clk 1:14:50]} 8. Be3 {[%clk 1:16:12]} d6 {[%clk 1:13:58]}
9. Qd2 {[%clk 1:14:54]} Ng4 {[%clk 1:13:45]} 10. Bf4 {[%clk 1:14:57]} e5
{[%clk 1:13:12]} 11. Bg5 {[%clk 1:10:45]} f6 {[%clk 1:12:53]} 12. Bh4
{[%clk 1:10:01]} Nh6 {[%clk 1:08:53]} 13. h3 {[%clk 1:05:01]} Be6
{[%clk 1:06:50]} 14. a3 {[%clk 0:42:30]} a5 {[%clk 0:58:55]} 15. Na4
{[%clk 0:39:19]} Nf7 {[%clk 0:56:56]} 16. b4 {[%clk 0:35:09]} cxb4
{[%clk 0:56:20]} 17. axb4 {[%clk 0:35:31]} g5 {[%clk 0:56:02]} 18. Bg3
{[%clk 0:33:17]} f5 {[%clk 0:55:08]} 19. exf5 {[%clk 0:29:03]} Bxf5
{[%clk 0:55:33]} 20. Rab1 {[%clk 0:23:07]} h5 {[%clk 0:43:32]} 21. bxa5
{[%clk 0:16:59]} Rxa5 {[%clk 0:32:56]} 22. Nb6 {[%clk 0:16:10]} Ra2
{[%clk 0:29:32]} 23. Nc4 {[%clk 0:15:38]} Be6 {[%clk 0:28:04]} 24. Ne3
{[%clk 0:14:04]} Nh8 {[%clk 0:11:43]} 25. Qd1 {[%clk 0:08:42]} Ng6
{[%clk 0:10:02]} 26. Rb7 {[%clk 0:06:48]} Ra8 {[%clk 0:06:33]} *

[Event "Moscow Open 2016 A"]
[Site "?"]
[Date "2016.01.31"]
[Round "2.5"]
[White "Kalashnikov, Konstantin"]
[Black "Khismatullin, Denis"]
[Result "*"]
[BlackElo "2626"]
[WhiteElo "2381"]
[LiveChessVersion "1.4.7"]

1. Nf3 {[%clk 1:30:59]} c5 {[%clk 1:26:50]} 2. c4 {[%clk 1:30:55]} Nc6
{[%clk 1:27:12]} 3. Nc3 {[%clk 1:31:20]} e5 {[%clk 1:22:02]} 4. e3
{[%clk 1:30:10]} Nf6 {[%clk 1:19:26]} 5. d4 {[%clk 1:30:35]} e4 {[%clk 1:19:18]}
6. Ne5 {[%clk 1:30:59]} g6 {[%clk 1:16:13]} 7. Be2 {[%clk 1:29:45]} Bg7
{[%clk 1:13:49]} 8. O-O {[%clk 1:29:50]} O-O {[%clk 1:11:31]} 9. a3
{[%clk 1:19:36]} Qe7 {[%clk 1:06:38]} 10. b4 {[%clk 1:06:52]} Nxe5
{[%clk 1:03:06]} 11. dxe5 {[%clk 1:07:17]} Qxe5 {[%clk 1:03:30]} 12. Rb1 cxb4
{[%clk 0:52:22]} 13. Nb5 {[%clk 1:06:25]} d5 {[%clk 0:51:40]} 14. Rxb4
{[%clk 0:58:29]} dxc4 {[%clk 0:29:07]} 15. Rxc4 {[%clk 0:52:30]} Be6
{[%clk 0:25:49]} 16. Rd4 {[%clk 0:52:28]} a6 {[%clk 0:18:24]} 17. Nd6
{[%clk 0:52:14]} Bd5 {[%clk 0:16:15]} 18. Bc4 {[%clk 0:44:11]} Bxc4
{[%clk 0:08:49]} 19. Nxc4 {[%clk 0:44:23]} Qc7 {[%clk 0:06:18]} 20. Nd2
{[%clk 0:35:25]} Rac8 {[%clk 0:03:50]} 21. Rc4 {[%clk 0:24:24]} Qb8
{[%clk 0:03:44]} 22. Bb2 {[%clk 0:21:49]} Rxc4 {[%clk 0:03:44]} 23. Nxc4
{[%clk 0:22:11]} Rd8 {[%clk 0:03:23]} 24. Qe2 {[%clk 0:19:42]} b5
{[%clk 0:03:00]} 25. Na5 {[%clk 0:18:36]} Qc7 {[%clk 0:03:01]} 26. Nb3
{[%clk 0:16:02]} Ng4 {[%clk 0:03:21]} 27. Qxg4 {[%clk 0:13:47]} Bxb2
{[%clk 0:03:43]} 28. Qxe4 {[%clk 0:13:58]} Bxa3 {[%clk 0:03:10]} *

[Event "Moscow Open 2016 A"]
[Site "?"]
[Date "2016.01.31"]
[Round "2.6"]
[White "Kokarev, Dmitry"]
[Black "Musaev, Rasul"]
[Result "*"]
[BlackElo "2379"]
[WhiteElo "2619"]
[LiveChessVersion "1.4.7"]

1. e4 {[%clk 1:30:57]} e5 {[%clk 1:19:43]} 2. Nf3 {[%clk 1:31:15]} Nc6
{[%clk 1:18:43]} 3. Bb5 {[%clk 1:31:37]} a6 {[%clk 1:18:50]} 4. Ba4
{[%clk 1:31:59]} Nf6 {[%clk 1:18:51]} 5. O-O {[%clk 1:32:18]} Nxe4
{[%clk 1:18:11]} 6. d4 {[%clk 1:32:39]} b5 {[%clk 1:17:51]} 7. Bb3
{[%clk 1:33:01]} d5 {[%clk 1:17:49]} 8. dxe5 {[%clk 1:33:22]} Be6
{[%clk 1:18:07]} 9. Qe2 {[%clk 1:33:31]} Be7 {[%clk 1:08:13]} 10. Rd1
{[%clk 1:33:37]} Na5 {[%clk 1:05:33]} 11. Nbd2 {[%clk 1:27:22]} Nxb3
{[%clk 1:03:31]} 12. axb3 {[%clk 1:27:29]} Nc5 {[%clk 0:58:27]} 13. Nd4
{[%clk 1:16:03]} O-O {[%clk 0:51:54]} 14. b4 {[%clk 1:13:52]} Nb7
{[%clk 0:51:19]} 15. Nf1 {[%clk 1:07:34]} Qc8 {[%clk 0:32:36]} 16. Nc6
{[%clk 0:58:31]} Qd7 {[%clk 0:32:01]} 17. Nxe7+ {[%clk 0:58:53]} Qxe7
{[%clk 0:32:27]} 18. Rd4 {[%clk 0:59:04]} c6 {[%clk 0:30:52]} 19. Ra3
{[%clk 0:55:55]} Bd7 {[%clk 0:25:44]} 20. Qh5 {[%clk 0:49:06]} f6
{[%clk 0:23:13]} 21. Rh4 {[%clk 0:31:19]} g6 {[%clk 0:17:01]} 22. exf6
{[%clk 0:30:35]} Rxf6 {[%clk 0:14:58]} 23. Qh6 {[%clk 0:28:15]} Qg7
{[%clk 0:12:46]} 24. Qxg7+ {[%clk 0:27:33]} Kxg7 {[%clk 0:13:13]} 25. Rd4
{[%clk 0:26:34]} Re6 {[%clk 0:10:21]} 26. Bd2 {[%clk 0:24:10]} Nd6
{[%clk 0:08:57]} 27. Ra1 {[%clk 0:24:09]} Bc8 {[%clk 0:07:33]} 28. f3
{[%clk 0:21:34]} Nf5 {[%clk 0:06:50]} 29. Rd3 {[%clk 0:21:29]} Bb7
{[%clk 0:06:22]} 30. Re1 {[%clk 0:18:47]} Rae8 {[%clk 0:05:42]} 31. Rxe6
{[%clk 0:19:01]} Rxe6 {[%clk 0:06:09]} 32. g4 {[%clk 0:18:51]} Nd6
{[%clk 0:05:19]} 33. Kf2 {[%clk 0:19:03]} Kf7 {[%clk 0:03:46]} 34. b3
{[%clk 0:17:22]} Ke7 {[%clk 0:02:17]} *

[Event "Moscow Open 2016 A"]
[Site "?"]
[Date "2016.01.31"]
[Round "2.7"]
[White "Geivondian, Arman"]
[Black "Turov, Maxim"]
[Result "*"]
[BlackElo "2610"]
[WhiteElo "2374"]
[LiveChessVersion "1.4.7"]

1. d4 {[%clk 1:27:51]} Nf6 {[%clk 1:30:56]} 2. Nf3 {[%clk 1:28:17]} g6
{[%clk 1:31:21]} 3. Bg5 {[%clk 1:28:33]} Bg7 {[%clk 1:31:42]} 4. Nbd2
{[%clk 1:28:58]} O-O {[%clk 1:31:51]} 5. c3 {[%clk 1:29:20]} d6 {[%clk 1:32:10]}
6. e4 {[%clk 1:28:20]} c5 {[%clk 1:32:30]} 7. dxc5 {[%clk 1:26:45]} dxc5
{[%clk 1:32:53]} 8. h3 {[%clk 1:17:13]} Nc6 {[%clk 1:32:41]} 9. Qc2
{[%clk 1:12:21]} Qc7 {[%clk 1:32:48]} 10. Be2 {[%clk 1:11:30]} Nh5
{[%clk 1:30:11]} 11. g3 {[%clk 0:55:47]} b6 {[%clk 1:25:00]} 12. Nf1
{[%clk 0:46:51]} Bb7 {[%clk 1:23:28]} 13. Ne3 {[%clk 0:41:49]} e6
{[%clk 1:20:15]} 14. O-O-O {[%clk 0:30:38]} f6 {[%clk 1:14:34]} 15. Bh4
{[%clk 0:29:31]} g5 {[%clk 0:58:43]} 16. g4 {[%clk 0:27:48]} gxh4
{[%clk 0:58:40]} 17. gxh5 {[%clk 0:28:10]} Kh8 {[%clk 0:53:53]} 18. Kb1
{[%clk 0:25:20]} Ne5 {[%clk 0:52:59]} 19. Rhg1 {[%clk 0:14:47]} Nxf3
{[%clk 0:50:36]} 20. Bxf3 {[%clk 0:15:15]} Bh6 {[%clk 0:50:25]} 21. Nc4
{[%clk 0:09:36]} Rad8 {[%clk 0:49:46]} 22. Rxd8 {[%clk 0:06:53]} Rxd8
{[%clk 0:49:59]} 23. Rd1 {[%clk 0:07:21]} Bf4 {[%clk 0:46:39]} 24. a4
{[%clk 0:06:22]} Bc6 {[%clk 0:46:53]} 25. b3 {[%clk 0:05:13]} a6 {[%clk 0:46:28]}
26. Nb2 {[%clk 0:04:02]} b5 {[%clk 0:25:54]} 27. axb5 {[%clk 0:04:30]} axb5
{[%clk 0:26:12]} 28. Rxd8+ {[%clk 0:04:56]} Qxd8 {[%clk 0:26:34]} 29. Qd3
{[%clk 0:05:19]} Qa8 {[%clk 0:24:03]} 30. c4 {[%clk 0:05:36]} b4 {[%clk 0:19:28]}
31. Na4 {[%clk 0:04:51]} Qf8 {[%clk 0:18:06]} 32. Bg4 {[%clk 0:04:19]} Qd6
{[%clk 0:17:41]} 33. Kc2 {[%clk 0:02:43]} *

[Event "Moscow Open 2016 A"]
[Site "?"]
[Date "2016.01.31"]
[Round "2.8"]
[White "Goganov, Aleksey"]
[Black "Shevchenko, Kirill"]
[Result "*"]
[BlackElo "2373"]
[WhiteElo "2591"]
[LiveChessVersion "1.4.7"]

1. c4 {[%clk 1:30:55]} Nf6 {[%clk 1:30:50]} 2. Nc3 {[%clk 1:31:19]} e6
{[%clk 1:31:10]} 3. e4 {[%clk 1:31:36]} d5 {[%clk 1:30:59]} 4. e5
{[%clk 1:31:58]} d4 {[%clk 1:31:22]} 5. exf6 {[%clk 1:32:24]} dxc3
{[%clk 1:31:43]} 6. bxc3 {[%clk 1:32:50]} Qxf6 {[%clk 1:31:49]} 7. Nf3
{[%clk 1:33:14]} b6 8. d4 {[%clk 1:33:27]} Bb7 {[%clk 1:28:40]} 9. Bd3
{[%clk 1:33:50]} h6 {[%clk 1:28:10]} 10. O-O {[%clk 1:33:55]} Bxf3
{[%clk 1:24:40]} 11. Qxf3 {[%clk 1:34:06]} Qxf3 {[%clk 1:25:04]} 12. gxf3
{[%clk 1:34:30]} Nc6 {[%clk 1:23:53]} 13. Be4 {[%clk 1:22:57]} Kd7
{[%clk 1:24:15]} 14. Rd1 {[%clk 1:17:30]} Rd8 {[%clk 1:21:54]} 15. c5
{[%clk 1:16:32]} bxc5 {[%clk 1:09:32]} 16. dxc5+ {[%clk 1:16:34]} Kc8
{[%clk 1:09:43]} 17. Be3 {[%clk 1:13:50]} Rxd1+ {[%clk 1:07:42]} 18. Rxd1
{[%clk 1:14:10]} Na5 {[%clk 0:54:59]} 19. Bd3 {[%clk 1:09:19]} Kb7
{[%clk 0:31:47]} 20. Rb1+ {[%clk 1:09:26]} Kc8 {[%clk 0:31:53]} 21. Ba6+
{[%clk 1:09:33]} Kd7 {[%clk 0:32:13]} 22. Rb8 {[%clk 1:09:29]} e5
{[%clk 0:29:46]} 23. Bb5+ {[%clk 1:05:35]} c6 {[%clk 0:28:04]} 24. Ba6
{[%clk 1:05:40]} g6 {[%clk 0:17:36]} 25. Ra8 {[%clk 1:04:07]} Ke6
{[%clk 0:17:12]} 26. c4 {[%clk 1:00:08]} Bg7 {[%clk 0:17:29]} 27. Rxh8
{[%clk 1:00:09]} Bxh8 {[%clk 0:17:58]} 28. Bd2 {[%clk 1:00:28]} Kd7
{[%clk 0:18:07]} 29. Bxa5 {[%clk 1:00:52]} Bg7 {[%clk 0:17:27]} 30. Bc3
{[%clk 0:49:36]} f6 {[%clk 0:17:23]} 31. Bb7 {[%clk 0:48:24]} Kc7
{[%clk 0:16:40]} 32. Ba8 {[%clk 0:48:49]} g5 {[%clk 0:14:11]} 33. Kg2
{[%clk 0:46:04]} Bf8 {[%clk 0:11:01]} 34. Ba5+ {[%clk 0:45:29]} Kd7
{[%clk 0:11:23]} 35. Bb4 {[%clk 0:45:56]} Kc7 {[%clk 0:11:03]} 36. h4
{[%clk 0:43:57]} f5 {[%clk 0:09:34]} 37. h5 {[%clk 0:42:40]} Be7 {[%clk 0:08:51]}
38. Bc3 {[%clk 0:42:54]} Bf6 {[%clk 0:09:13]} 39. Kf1 {[%clk 0:42:58]} Bg7
{[%clk 0:09:11]} 40. Ke2 {[%clk 1:13:21]} Bf6 {[%clk 0:39:32]} 41. Kd2
{[%clk 1:13:28]} Bg7 {[%clk 0:38:42]} 42. Kc2 {[%clk 1:13:34]} Bf6
{[%clk 0:38:05]} 43. f4 {[%clk 1:06:37]} gxf4 {[%clk 0:36:21]} 44. f3
{[%clk 1:07:01]} Kd7 {[%clk 0:34:16]} 45. Kb3 {[%clk 1:07:25]} Kc7
{[%clk 0:34:34]} 46. Ka4 {[%clk 1:07:44]} Kd7 {[%clk 0:34:55]} 47. Bb2
{[%clk 1:07:38]} a6 {[%clk 0:30:38]} 48. Bc3 {[%clk 1:05:44]} a5 {[%clk 0:29:43]}
49. Bb2 {[%clk 1:06:01]} *

[Event "Moscow Open 2016 A"]
[Site "?"]
[Date "2016.01.31"]
[Round "2.9"]
[White "Yeletsky, Ivan"]
[Black "Ponkratov, Pavel"]
[Result "1/2-1/2"]
[BlackElo "2591"]
[WhiteElo "2373"]
[LiveChessVersion "1.4.7"]

1. d4 {[%clk 1:24:16]} Nf6 {[%clk 1:27:58]} 2. c4 {[%clk 1:24:34]} e6
{[%clk 1:28:15]} 3. Nc3 {[%clk 1:24:54]} Bb4 {[%clk 1:28:41]} 4. e3
{[%clk 1:25:14]} Bxc3+ {[%clk 1:29:05]} 5. bxc3 {[%clk 1:25:36]} Qe7
{[%clk 1:29:32]} 6. Bd3 {[%clk 1:23:35]} e5 {[%clk 1:29:53]} 7. Ne2
{[%clk 1:23:16]} e4 {[%clk 1:30:12]} 8. Bc2 {[%clk 1:23:33]} O-O {[%clk 1:30:32]}
9. Ng3 {[%clk 1:18:54]} b6 {[%clk 1:30:49]} 10. f3 {[%clk 1:12:22]} Bb7
{[%clk 1:29:14]} 11. O-O {[%clk 1:11:58]} Re8 {[%clk 1:26:20]} 12. fxe4
{[%clk 1:06:13]} Nxe4 {[%clk 1:23:27]} 13. Nf5 {[%clk 0:59:44]} Qg5
{[%clk 1:21:53]} 14. d5 {[%clk 0:39:23]} Na6 {[%clk 1:14:30]} 15. h4
{[%clk 0:35:51]} Qf6 {[%clk 1:12:51]} 16. Qd4 {[%clk 0:28:13]} Nac5
{[%clk 1:11:31]} 17. Rf4 {[%clk 0:26:58]} Qe5 {[%clk 1:09:22]} 18. Ba3
{[%clk 0:21:42]} Nxc3 {[%clk 0:57:30]} 19. Qxe5 {[%clk 0:21:14]} Rxe5
{[%clk 0:57:55]} 20. Rg4 {[%clk 0:19:27]} g6 {[%clk 0:54:01]} 21. Bb2
{[%clk 0:15:37]} Rxf5 {[%clk 0:43:42]} 22. Bxf5 {[%clk 0:15:53]} h5
{[%clk 0:44:00]} 23. Rg5 {[%clk 0:15:17]} N3e4 {[%clk 0:44:07]} 24. Bxe4
{[%clk 0:15:32]} Nxe4 {[%clk 0:44:25]} 25. Re5 {[%clk 0:15:52]} Nd2
{[%clk 0:43:53]} 26. Rc1 {[%clk 0:12:57]} Kf8 {[%clk 0:44:11]} 27. Rc2
{[%clk 0:08:50]} d6 {[%clk 0:44:22]} 28. Rxd2 {[%clk 0:08:42]} dxe5
{[%clk 0:44:47]} 29. Bxe5 {[%clk 0:09:07]} Rc8 {[%clk 0:44:58]} 30. e4
{[%clk 0:08:51]} Ke7 {[%clk 0:38:54]} 31. Bb2 {[%clk 0:03:56]} Ba6
{[%clk 0:38:51]} 32. Ba3+ {[%clk 0:03:48]} Kf6 {[%clk 0:32:02]} 33. Bb2+
{[%clk 0:03:52]} Ke7 {[%clk 0:32:26]} 34. Ba3+ {[%clk 0:03:56]} Kf6
{[%clk 0:32:51]} 35. Bb2+ {[%clk 0:03:58]} Ke7 {[%clk 0:33:16]} 36. Ba3+
{[%clk 0:04:22]} Kf6 {[%clk 0:33:34]} 37. Bb2+ {[%clk 0:04:47]} Ke7
{[%clk 0:34:00]} 38. Ba3+ {[%clk 0:05:13]} Kf6 {[%clk 0:34:27]} 39. Bb2+
{[%clk 0:05:38]} Ke7 {[%clk 0:34:54]} 40. Ba3+ {[%clk 0:36:03]} Kf6
{[%clk 1:05:20]} 41. Bc1 Ke5 1/2-1/2

[Event "Moscow Open 2016 A"]
[Site "?"]
[Date "2016.01.31"]
[Round "2.10"]
[White "Eliseev, Urii"]
[Black "Derbenev, Andrey"]
[Result "1-0"]
[BlackElo "2367"]
[WhiteElo "2582"]
[LiveChessVersion "1.4.7"]

1. e4 {[%clk 1:30:57]} a6 {[%clk 1:27:56]} 2. d4 {[%clk 1:30:05]} c5
{[%clk 1:28:12]} 3. d5 {[%clk 1:24:44]} d6 {[%clk 1:28:23]} 4. c4
{[%clk 1:20:33]} b5 {[%clk 1:24:24]} 5. cxb5 {[%clk 1:18:08]} g6 {[%clk 1:23:38]}
6. Nc3 {[%clk 1:12:02]} Bg7 {[%clk 1:23:33]} 7. Nf3 {[%clk 1:12:22]} Nd7
{[%clk 1:18:04]} 8. a4 {[%clk 1:09:25]} Ngf6 {[%clk 1:16:54]} 9. Ra3
{[%clk 1:09:45]} O-O {[%clk 0:55:15]} 10. Qc2 {[%clk 1:06:04]} e6
{[%clk 0:47:06]} 11. dxe6 fxe6 {[%clk 0:46:02]} 12. e5 {[%clk 1:06:15]} Ng4
{[%clk 0:31:57]} 13. Bg5 {[%clk 0:58:31]} Qa5 {[%clk 0:29:34]} 14. exd6
{[%clk 0:54:41]} Bd4 {[%clk 0:22:44]} 15. Bh4 {[%clk 0:42:03]} Rxf3
{[%clk 0:20:13]} 16. gxf3 {[%clk 0:39:33]} Bb7 {[%clk 0:20:21]} 17. Be2
{[%clk 0:38:13]} Nge5 {[%clk 0:20:30]} 18. O-O {[%clk 0:35:47]} Bxf3
{[%clk 0:17:34]} 19. Ne4 {[%clk 0:33:46]} Rf8 {[%clk 0:16:58]} 20. Bxf3
{[%clk 0:33:20]} Nxf3+ {[%clk 0:16:21]} 21. Rxf3 {[%clk 0:33:37]} Rxf3
{[%clk 0:16:46]} 22. Qc4 {[%clk 0:34:02]} h6 {[%clk 0:09:45]} 23. Qxe6+
{[%clk 0:33:33]} Rf7 {[%clk 0:10:11]} 24. Be7 {[%clk 0:32:43]} Nf8
{[%clk 0:08:33]} 25. Bxf8 {[%clk 0:28:30]} Kxf8 {[%clk 0:08:55]} 26. Qc8+
{[%clk 0:28:53]} Kg7 {[%clk 0:09:20]} 27. d7 {[%clk 0:29:16]} Rf8
{[%clk 0:09:41]} 28. Nd6 {[%clk 0:29:35]} Rxf2 {[%clk 0:08:00]} 29. Ne8+
{[%clk 0:29:09]} Kh7 {[%clk 0:07:37]} 30. d8=Q {[%clk 0:28:01]} 1-0

[Event "Moscow Open 2016 A"]
[Site "?"]
[Date "2016.01.31"]
[Round "2.11"]
[White "Timofeev, Artyom"]
[Black "Kopylov, Alexander A."]
[Result "1-0"]
[BlackElo "2401"]
[WhiteElo "2570"]
[LiveChessVersion "1.4.7"]

1. e4 {[%clk 1:30:56]} e5 {[%clk 1:28:54]} 2. Nf3 {[%clk 1:31:17]} Nc6
{[%clk 1:29:08]} 3. Bb5 {[%clk 1:31:38]} Nf6 {[%clk 1:27:47]} 4. d3
{[%clk 1:28:13]} Bc5 {[%clk 1:21:09]} 5. c3 {[%clk 1:28:00]} O-O {[%clk 1:19:36]}
6. O-O {[%clk 1:28:17]} Re8 {[%clk 1:19:43]} 7. Re1 {[%clk 1:27:49]} a6
{[%clk 1:18:37]} 8. Ba4 {[%clk 1:28:06]} b5 {[%clk 1:18:51]} 9. Bb3
{[%clk 1:28:01]} d6 {[%clk 1:19:11]} 10. Bg5 {[%clk 1:27:40]} Bg4
{[%clk 0:56:54]} 11. h3 {[%clk 1:21:15]} Bh5 {[%clk 0:56:28]} 12. Nbd2
{[%clk 1:17:24]} Rb8 {[%clk 0:54:16]} 13. g4 {[%clk 1:13:46]} Bg6
{[%clk 0:54:02]} 14. Nf1 {[%clk 1:13:13]} h6 {[%clk 0:45:54]} 15. Bh4
{[%clk 1:12:50]} h5 {[%clk 0:37:02]} 16. N3h2 {[%clk 1:05:23]} Nxe4
{[%clk 0:24:46]} 17. Bxd8 {[%clk 0:56:57]} Nxf2 {[%clk 0:25:07]} 18. Qf3
{[%clk 0:43:25]} Nxd3+ {[%clk 0:23:11]} 19. Kg2 {[%clk 0:43:37]} e4
{[%clk 0:14:18]} 20. Qxd3 {[%clk 0:41:03]} 1-0

[Event "Moscow Open 2016 A"]
[Site "?"]
[Date "2016.01.31"]
[Round "2.12"]
[White "Alikulov, Elbek"]
[Black "Antal, Gergely"]
[Result "*"]
[BlackElo "2566"]
[WhiteElo "2365"]
[LiveChessVersion "1.4.7"]

1. e4 {[%clk 1:30:52]} c6 {[%clk 1:30:55]} 2. d4 {[%clk 1:31:11]} d5
{[%clk 1:31:20]} 3. Nc3 {[%clk 1:31:13]} dxe4 {[%clk 1:31:42]} 4. Nxe4
{[%clk 1:31:37]} Bf5 {[%clk 1:32:09]} 5. Ng3 {[%clk 1:31:56]} Bg6
{[%clk 1:32:34]} 6. h4 {[%clk 1:32:04]} h6 {[%clk 1:32:43]} 7. Nf3
{[%clk 1:32:19]} Nd7 {[%clk 1:28:57]} 8. h5 {[%clk 1:32:34]} Bh7 {[%clk 1:29:24]}
9. Bd3 {[%clk 1:32:52]} Bxd3 {[%clk 1:29:48]} 10. Qxd3 {[%clk 1:33:15]} e6
{[%clk 1:29:00]} 11. Bd2 {[%clk 1:33:32]} Ngf6 {[%clk 1:29:10]} 12. O-O-O
{[%clk 1:33:39]} Be7 {[%clk 1:29:30]} 13. Ne4 {[%clk 1:33:53]} Nxe4
{[%clk 1:24:58]} 14. Qxe4 {[%clk 1:34:14]} Nf6 {[%clk 1:25:24]} 15. Qe2
{[%clk 1:34:30]} Qd5 {[%clk 1:20:44]} 16. Kb1 {[%clk 1:06:15]} Qe4
{[%clk 1:14:15]} 17. Be3 {[%clk 1:04:14]} Ng4 {[%clk 1:11:09]} 18. Nd2
{[%clk 0:57:16]} Qf5 {[%clk 1:11:29]} 19. Nf1 {[%clk 0:57:15]} Nf6
{[%clk 1:03:20]} 20. Bc1 {[%clk 0:51:36]} Qb5 {[%clk 0:54:44]} 21. c4
{[%clk 0:44:00]} Qa6 {[%clk 0:51:30]} 22. Rh3 {[%clk 0:40:59]} O-O-O
{[%clk 0:48:58]} 23. Bf4 {[%clk 0:35:13]} Rd7 {[%clk 0:32:18]} 24. Rg3
{[%clk 0:28:40]} Nd5 {[%clk 0:27:36]} 25. Bc1 {[%clk 0:26:44]} Nb6
{[%clk 0:19:10]} 26. b3 {[%clk 0:25:00]} Bf6 {[%clk 0:19:25]} 27. Rgd3
{[%clk 0:24:56]} Rhd8 {[%clk 0:18:01]} 28. Bb2 {[%clk 0:24:14]} Qa5
{[%clk 0:17:06]} 29. Bc3 {[%clk 0:18:53]} Qf5 {[%clk 0:16:13]} 30. Ng3
{[%clk 0:17:51]} Qh7 {[%clk 0:16:41]} 31. Ne4 {[%clk 0:16:29]} Be7
{[%clk 0:15:43]} 32. Kb2 {[%clk 0:16:27]} Na8 {[%clk 0:16:07]} 33. f3
{[%clk 0:09:23]} Nc7 {[%clk 0:16:26]} 34. Qc2 {[%clk 0:08:48]} *

[Event "Moscow Open 2016 A"]
[Site "?"]
[Date "2016.01.31"]
[Round "2.13"]
[White "Alekseenko, Kirill"]
[Black "Vdovin, Vadim"]
[Result "1-0"]
[BlackElo "2361"]
[WhiteElo "2560"]
[LiveChessVersion "1.4.7"]

1. e4 {[%clk 1:30:38]} e5 {[%clk 1:30:55]} 2. Nf3 {[%clk 1:30:41]} Nc6
{[%clk 1:31:20]} 3. Bb5 {[%clk 1:30:42]} a6 {[%clk 1:31:43]} 4. Ba4
{[%clk 1:30:40]} Nf6 {[%clk 1:31:58]} 5. O-O {[%clk 1:30:33]} Be7
{[%clk 1:32:12]} 6. d3 {[%clk 1:30:29]} d6 {[%clk 1:31:45]} 7. c3
{[%clk 1:30:17]} O-O {[%clk 1:31:45]} 8. Re1 {[%clk 1:30:15]} Re8
{[%clk 1:31:02]} 9. Nbd2 {[%clk 1:30:05]} Bf8 {[%clk 1:30:54]} 10. Nf1
{[%clk 1:29:52]} b5 {[%clk 1:27:57]} 11. Bc2 {[%clk 1:29:55]} h6 {[%clk 1:28:03]}
12. Ne3 {[%clk 1:23:52]} d5 {[%clk 1:13:09]} 13. exd5 {[%clk 1:17:49]} Nxd5
{[%clk 1:13:25]} 14. Nxd5 {[%clk 1:17:22]} Qxd5 {[%clk 1:13:49]} 15. d4
{[%clk 1:17:34]} Qd6 {[%clk 0:44:22]} 16. Bf4 {[%clk 1:16:53]} Bg4
{[%clk 0:41:21]} 17. Qd3 {[%clk 1:15:49]} g6 {[%clk 0:41:09]} 18. Nxe5
{[%clk 1:15:00]} Nxe5 19. Bxe5 {[%clk 1:13:10]} Qd7 {[%clk 0:41:20]} 20. Qg3
{[%clk 1:07:36]} c5 {[%clk 0:37:32]} 21. dxc5 {[%clk 1:03:41]} Bxc5
{[%clk 0:37:57]} 22. Qf4 {[%clk 1:03:57]} Kh7 {[%clk 0:35:18]} 23. b4
{[%clk 1:00:20]} Ba7 {[%clk 0:34:55]} 24. Qf6 {[%clk 1:00:08]} Rg8
{[%clk 0:34:01]} 25. h3 {[%clk 0:58:34]} Be6 {[%clk 0:32:46]} 26. Rad1
{[%clk 0:58:58]} Qe8 {[%clk 0:32:15]} 27. h4 1-0

[Event "Moscow Open 2016 A"]
[Site "?"]
[Date "2016.01.31"]
[Round "2.14"]
[White "Palachev, Petr"]
[Black "Pridorozhni, Aleksei"]
[Result "*"]
[BlackElo "2550"]
[WhiteElo "2358"]
[LiveChessVersion "1.4.7"]

1. d4 {[%clk 1:30:58]} Nf6 {[%clk 1:30:54]} 2. c4 {[%clk 1:31:20]} b6
{[%clk 1:31:06]} 3. Nc3 {[%clk 1:30:18]} Bb7 {[%clk 1:31:26]} 4. Qc2
{[%clk 1:30:35]} e6 {[%clk 1:31:27]} 5. Bg5 {[%clk 1:24:06]} h6 {[%clk 1:30:08]}
6. Bh4 {[%clk 1:24:05]} Bb4 {[%clk 1:30:27]} 7. a3 {[%clk 1:23:57]} Bxc3+
{[%clk 1:30:02]} 8. Qxc3 {[%clk 1:24:25]} g5 {[%clk 1:30:19]} 9. Bg3
{[%clk 1:24:50]} Ne4 {[%clk 1:30:42]} 10. Qc2 {[%clk 1:24:55]} d6
{[%clk 1:30:42]} 11. e3 {[%clk 1:24:12]} Nd7 {[%clk 1:30:47]} 12. f3
{[%clk 1:22:35]} Nxg3 {[%clk 1:31:08]} 13. hxg3 {[%clk 1:23:03]} f5
{[%clk 1:27:22]} 14. Bd3 {[%clk 1:07:10]} Qf6 {[%clk 1:26:00]} 15. Ne2
{[%clk 1:07:30]} O-O-O {[%clk 1:24:21]} 16. O-O-O {[%clk 1:06:59]} Kb8
{[%clk 1:23:37]} 17. Kb1 {[%clk 0:56:14]} c5 {[%clk 1:15:33]} 18. Qd2
{[%clk 0:40:13]} Qe7 {[%clk 0:52:44]} 19. Bc2 {[%clk 0:37:22]} Nf6
{[%clk 0:49:27]} 20. Nc3 {[%clk 0:32:31]} h5 {[%clk 0:45:15]} 21. Rhe1
{[%clk 0:27:50]} g4 {[%clk 0:41:19]} 22. e4 {[%clk 0:26:27]} cxd4
{[%clk 0:38:06]} 23. Qxd4 {[%clk 0:26:41]} e5 {[%clk 0:38:14]} 24. Qe3
{[%clk 0:24:58]} gxf3 {[%clk 0:33:26]} 25. gxf3 {[%clk 0:24:57]} Rhg8
{[%clk 0:33:43]} 26. f4 {[%clk 0:11:13]} fxe4 {[%clk 0:23:35]} 27. Nxe4
{[%clk 0:10:43]} Ng4 {[%clk 0:19:09]} 28. Qc3 {[%clk 0:04:00]} Bxe4
{[%clk 0:15:08]} 29. Bxe4 {[%clk 0:04:28]} Nf2 {[%clk 0:15:31]} 30. Rd2
{[%clk 0:04:36]} Nxe4 {[%clk 0:15:19]} 31. Rxe4 {[%clk 0:05:04]} Qh7
{[%clk 0:15:35]} 32. Qc2 {[%clk 0:04:42]} *

[Event "Moscow Open 2016 A"]
[Site "?"]
[Date "2016.01.31"]
[Round "2.15"]
[White "Bernadskiy, Vitaliy"]
[Black "Drygalov, Sergey"]
[Result "1-0"]
[BlackElo "2356"]
[WhiteElo "2546"]
[LiveChessVersion "1.4.7"]

1. e4 {[%clk 1:30:57]} c5 {[%clk 1:30:55]} 2. Nf3 {[%clk 1:31:23]} e6
{[%clk 1:31:18]} 3. d4 {[%clk 1:31:50]} cxd4 {[%clk 1:31:43]} 4. Nxd4
{[%clk 1:32:17]} a6 {[%clk 1:32:07]} 5. c4 {[%clk 1:32:33]} Nf6 {[%clk 1:30:55]}
6. Nc3 {[%clk 1:32:58]} Bb4 {[%clk 1:29:02]} 7. Qf3 {[%clk 1:30:51]} Qc7
{[%clk 1:22:58]} 8. Nc2 {[%clk 1:20:20]} Be7 {[%clk 1:21:58]} 9. g4
{[%clk 1:16:21]} h6 {[%clk 1:18:29]} 10. h4 {[%clk 1:14:58]} d6 {[%clk 1:11:12]}
11. g5 {[%clk 1:12:28]} Nfd7 {[%clk 1:11:16]} 12. Qg2 {[%clk 1:11:48]} Nf8
{[%clk 1:00:13]} 13. Be3 {[%clk 0:59:48]} Nc6 {[%clk 0:59:10]} 14. f4
{[%clk 0:57:19]} Na5 {[%clk 0:53:27]} 15. Na3 {[%clk 0:54:49]} d5
{[%clk 0:49:53]} 16. exd5 {[%clk 0:47:52]} Bxa3 {[%clk 0:50:07]} 17. bxa3
{[%clk 0:48:02]} Nxc4 {[%clk 0:50:19]} 18. Bxc4 {[%clk 0:45:25]} Qxc4
{[%clk 0:50:41]} 19. Ne4 {[%clk 0:43:49]} Qd3 {[%clk 0:46:58]} 20. Bc5
{[%clk 0:39:24]} exd5 {[%clk 0:43:42]} 21. Nd6+ {[%clk 0:39:27]} Kd7
{[%clk 0:43:27]} 22. Rh3 {[%clk 0:39:10]} Qg6 {[%clk 0:30:01]} 23. f5
{[%clk 0:39:16]} 1-0